Géographie de l'Europe par lettre - G - Statistiques

Statistiques générales
  • Ce quiz a été pris 364 fois
  • Le résultat moyen est 12 sur 20
Statistiques - réponses
Indice Réponse % Correct
Pays méditerranéen hellénophone, sa capitale est Athènes Grèce
100%
Détroit séparant la méditerranée de l'Atlantique, et l'Europe de l'Afrique Détroit de {Gibraltar}
89%
Plus grande ville écossaise Glasgow
88%
Nation constitutive du Royaume-Uni Pays de {Galles}
86%
Fleuve de France méridionale Garonne
85%
Terme géographique homonyme de "canyon", celles du Verdon sont remarquables Gorges
85%
Pays du Caucase, inventeur du vin, dont l'appartenance à l'Europe est débattue Géorgie
84%
Ville de Calvin et des banques, deuxième plus peuplée de Suisse Genève
83%
Île anglo-normande Guernesey
69%
Deuxième ville la plus peuplée de Belgique Gand
67%
Grand golfe situé entre la France et l'Espagne Golfe de {Gascogne}
65%
Communauté autonome du nord-ouest de l'Espagne Galice
59%
Famille de langue la plus répandue en Europe Langues {germaniques}
59%
Plus grande île du continent Grande-Bretagne
54%
Ville polonaise autrefois connue sous son nom allemand, Dantzig Gdansk
50%
Type d'état en place au Luxembourg Grand-duché
36%
Langue traditionnelle de la Bretagne orientale Gallo
21%
Province historique du sud-ouest de la France Guyenne
15%
Île suédoise de la Baltique, sa capitale est la ville hanséatique de Visby Gotland
13%
Deuxième plus vaste province des Pays-Bas Gueldre
5%
Aucun quiz correspondant
Distribution des résultats
% des personnes avec chaque résultat
Percentile par nombre de réponses
Votre historique - résultats
Vous n’avez pas pris ce quiz